000 01287namaa22003491i 4500
003 EG-GICUC
005 20260210114103.0
008 260210s2001 ua ||||jr|||| 000 0 ara d
017 _a2001 / 8898
_bدار الكتب والوثائق القومية (مصر)
020 _a9772821036
040 _aEG-GiCUC
_bara
_cEG-GiCUC
_dEG-GiCUC
_erda
043 _af-ua---
082 0 4 _221
_a320.962
_bH154
092 0 4 _221
_a320.962
_bH154
099 _a320.962 H154 2001
100 1 _aحجى، طارق
_eمؤلف.
245 1 2 _aالأصنام الأربعة /
_cطارق حجى
250 _aالطبعة الثالثة
264 _aالقاهرة (مصر) :
_bالدار الدولية للاستثمارات الثقافية،
_c2001.
300 _a157 صفحة ؛
_c24 سم
336 _2rdacontent
_atext
337 _2rdamedia
_aUnmediated
338 _2rdacarrier
_avolume
504 _aيشتمل على ارجاعات ببليوجرافية.
541 _aد. جابر عصفور ؛
_bالقاهرة ؛
_cإهداء ؛
_d2024.
650 1 7 _2qrmak
651 1 _2qrmak
_aمصر
_xالسياسة والحكومة
651 1 _2qrmak
_aمصر
_xأحوال سياسية
651 1 _2qrmak
_aمصر
_xأحوال أقتصادية
905 _aNermeen
942 _2ddc
_cBK
_e21
_n0
999 _c178339
_d178339